[Event "Vlissingen HZ op 23rd"]
[Site "Vlissingen"]
[Date "2019.08.10"]
[Round "9"]
[White "Smit, Manuel"]
[Black "Berghuis, Marten"]
[Result "1-0"]
[WhiteElo "1831"]
[BlackElo "2031"]
[PlyCount "79"]
[EventDate "2019.08.03"]
[EventType "swiss"]
[EventRounds "9"]
[EventCountry "NED"]
[SourceTitle "CBM 191 Extra"]
[Source "ChessBase"]
[SourceDate "2019.09.30"]
[SourceVersion "1"]
[SourceVersionDate "2019.09.30"]
[SourceQuality "1"]

1. b3 d5 2. e3 e5 3. Bb2 Qd6 4. Qh5 Nc6 5. Bb5 e4 6. Ba3 Nf6 7. Bxd6 Nxh5 8. Bxc7 a6 9. Bxc6+ bxc6 10. Ne2 Be7 11. Nbc3 Ra7 12. Bb6 Rb7 13. Na4 Nf6 14. 0-0 Nd7 15. Bd4 0-0 16. f3 f5 17. d3 c5 18. Bb2 Nf6 19. Nf4 exd3 20. cxd3 c4 21. Bxf6 Bxf6 22. Rab1 cxb3 23. axb3 d4 24. e4 Bg5 25. Nd5 Be6 26. Nc5 Bxd5 27. exd5 Be3+ 28. Kh1 Ra7 29. Ra1 Rfa8 30. Ra2 Kf7 31. Rfa1 Ke7 32. b4 Kd6 33. Nxa6 Rb7 34. Nc5 Rxb4 35. Rxa8 Kxc5 36. R1a5+ Kd6 37. g3 Rb1+ 38. Kg2 Rd1 39. R8a6+ Ke5 40. Re6# 1-0

[Event "Vlissingen HZ op 23rd"]
[Site "Vlissingen"]
[Date "2019.08.08"]
[Round "7"]
[White "Bezemer, Arno J"]
[Black "Berghuis, Marten"]
[Result "1-0"]
[WhiteElo "2245"]
[BlackElo "2031"]
[PlyCount "63"]
[EventDate "2019.08.03"]
[EventType "swiss"]
[EventRounds "9"]
[EventCountry "NED"]
[SourceTitle "CBM 191 Extra"]
[Source "ChessBase"]
[SourceDate "2019.09.30"]
[SourceVersion "1"]
[SourceVersionDate "2019.09.30"]
[SourceQuality "1"]

1. c4 Nf6 2. Nc3 g6 3. e4 d6 4. d4 Bg7 5. f4 0-0 6. Nf3 c5 7. d5 e6 8. Be2 exd5 9. cxd5 Re8 10. e5 dxe5 11. fxe5 Ng4 12. e6 fxe6 13. d6 Bd7 14. Ng5 Ne5 15. 0-0 h6 16. Nge4 c4 17. Be3 Kh7 18. Qd2 Nbc6 19. Rf4 Rf8 20. Rxf8 Qxf8 21. Nc5 Qc8 22. Rf1 b6 23. Nxd7 Qxd7 24. Ne4 Qd8 25. Qe1 Rb8 26. Qg3 Rb7 27. Qh3 b5 28. Ng5+ Kg8 29. Qxe6+ Kh8 30. Ne4 Rd7 31. Qh3 Kh7 32. Ng5+ 1-0

[Event "Vlissingen HZ op 23rd"]
[Site "Vlissingen"]
[Date "2019.08.04"]
[Round "2"]
[White "Berghuis, Marten"]
[Black "Ikonnikov, Vyacheslav"]
[Result "0-1"]
[WhiteElo "2031"]
[BlackElo "2497"]
[PlyCount "56"]
[EventDate "2019.08.03"]
[EventType "swiss"]
[EventRounds "9"]
[EventCountry "NED"]
[SourceTitle "CBM 191 Extra"]
[Source "ChessBase"]
[SourceDate "2019.09.30"]
[SourceVersion "1"]
[SourceVersionDate "2019.09.30"]
[SourceQuality "1"]

1. e4 c5 2. Nf3 Nc6 3. Nc3 e5 4. Bc4 Be7 5. d3 d6 6. h3 Nf6 7. 0-0 0-0 8. Nh2 Nd7 9. a4 Nb6 10. Ba2 Nb4 11. a5 Nxa2 12. Rxa2 Nd7 13. Nd5 Nb8 14. f4 exf4 15. Bxf4 Nc6 16. Nf3 Be6 17. c4 f5 18. Qd2 Qd7 19. Ng5 Bxg5 20. Bxg5 fxe4 21. Rxf8+ Rxf8 22. dxe4 Ne5 23. b3 Bxh3 24. Be7 Rf7 25. Qg5 h6 26. Qg3 Bg4 27. Bh4 g5 28. Rf2 Kg7 0-1

[Event "Vlissingen HZ op 20th"]
[Site "Vlissingen"]
[Date "2016.08.09"]
[Round "5"]
[White "Berghuis, Marten"]
[Black "Van den Berg, Bram"]
[Result "1/2-1/2"]
[WhiteElo "2007"]
[BlackElo "2205"]
[PlyCount "61"]
[EventDate "2016.08.06"]
[EventType "swiss"]
[EventRounds "9"]
[EventCountry "NED"]
[SourceTitle "CBM 173 Extra"]
[Source "ChessBase"]
[SourceDate "2016.08.29"]
[SourceVersion "1"]
[SourceVersionDate "2016.08.29"]
[SourceQuality "1"]

1. e4 d5 2. exd5 Nf6 3. d4 Bg4 4. Be2 Bxe2 5. Qxe2 Qxd5 6. Nf3 Nc6 7. c4 Qf5 8. 0-0 0-0-0 9. d5 Nb4 10. Nc3 e6 11. dxe6 Qxe6 12. Qxe6+ fxe6 13. Ng5 Re8 14. Bf4 Nd3 15. Bg3 Nh5 16. b3 Nxg3 17. hxg3 Be7 18. Nce4 h6 19. Nf3 Rd8 20. Rfd1 a6 21. Kf1 Nb4 22. Rxd8+ Rxd8 23. Ke2 Nc6 24. Rd1 Rxd1 25. Kxd1 Nb4 26. a4 Nd3 27. Kc2 Nc5 28. Nfd2 Nd7 29. Nf3 Nc5 30. Nfd2 Nd7 31. Nf3 1/2-1/2

[Event "Vlissingen HZ op 20th"]
[Site "Vlissingen"]
[Date "2016.08.08"]
[Round "4"]
[White "Oleksienko, Mikhailo"]
[Black "Berghuis, Marten"]
[Result "1-0"]
[WhiteElo "2610"]
[BlackElo "2007"]
[PlyCount "29"]
[EventDate "2016.08.06"]
[EventType "swiss"]
[EventRounds "9"]
[EventCountry "NED"]
[SourceTitle "CBM 173 Extra"]
[Source "ChessBase"]
[SourceDate "2016.08.29"]
[SourceVersion "1"]
[SourceVersionDate "2016.08.29"]
[SourceQuality "1"]

1. d4 d5 2. Nf3 Nc6 3. c4 Bg4 4. Nc3 e6 5. Bf4 dxc4 6. e3 Bd6 7. Bg3 Nge7 8. Bxc4 0-0 9. 0-0 Bxg3 10. hxg3 Ng6 11. Bb5 Nce7 12. Qb3 c6 13. Bd3 Qb6 14. Qxb6 axb6 15. Nh2 1-0

[Event "Hoogeveen Unive op 19th"]
[Site "Hoogeveen"]
[Date "2015.10.23"]
[Round "8"]
[White "Berghuis, Marten"]
[Black "Henseler, Jorgen"]
[Result "1/2-1/2"]
[WhiteElo "1981"]
[BlackElo "2069"]
[PlyCount "39"]
[EventDate "2015.10.17"]
[EventType "swiss"]
[EventRounds "9"]
[EventCountry "NED"]
[SourceTitle "EXT 2017"]
[Source "ChessBase"]
[SourceDate "2016.10.25"]
[SourceVersion "1"]
[SourceVersionDate "2016.10.25"]
[SourceQuality "1"]

1. e4 e5 2. Nf3 Nc6 3. d4 exd4 4. Nxd4 Nf6 5. Nxc6 bxc6 6. e5 Qe7 7. Qe2 Nd5 8. Nd2 g6 9. Nf3 Bg7 10. c4 Nb6 11. Bd2 Bb7 12. 0-0-0 h6 13. h4 Ba6 14. Qe4 d5 15. cxd5 cxd5 16. Qc2 Bxf1 17. Qc6+ Qd7 18. Qxd7+ Kxd7 19. Rhxf1 c5 20. Bf4 1/2-1/2

[Event "Hoogeveen Unive op 19th"]
[Site "Hoogeveen"]
[Date "2015.10.22"]
[Round "7"]
[White "Boersma, Jan"]
[Black "Berghuis, Marten"]
[Result "0-1"]
[WhiteElo "2153"]
[BlackElo "1981"]
[PlyCount "106"]
[EventDate "2015.10.17"]
[EventType "swiss"]
[EventRounds "9"]
[EventCountry "NED"]
[SourceTitle "EXT 2017"]
[Source "ChessBase"]
[SourceDate "2016.10.25"]
[SourceVersion "1"]
[SourceVersionDate "2016.10.25"]
[SourceQuality "1"]

1. e4 c5 2. Nc3 Nc6 3. f4 e6 4. Nf3 d5 5. Bb5 Nge7 6. exd5 exd5 7. Qe2 Bg4 8. 0-0 Qd6 9. Bxc6+ Qxc6 10. h3 Bxf3 11. Qxf3 0-0-0 12. a4 a6 13. f5 g6 14. fxg6 fxg6 15. d3 Nf5 16. Bf4 Bg7 17. a5 Nd4 18. Qg4+ Qe6 19. Na4 Rdf8 20. Nb6+ Kd8 21. Qg5+ Bf6 22. Qxd5+ Qxd5 23. Bc7+ Kxc7 24. Nxd5+ Kc6 25. Nxf6 Nxc2 26. Rac1 Ne3 27. Rxc5+ Kxc5 28. Nd7+ Kb5 29. Nxf8 Kxa5 30. Rf7 b5 31. Nxh7 Kb4 32. Rd7 Nc2 33. Ng5 Ra8 34. Ne4 a5 35. Nc3 a4 36. Rd5 Rb8 37. Nd1 Kb3 38. Kf2 Nb4 39. Rd6 Kc2 40. Ke2 Re8+ 41. Ne3+ Kxb2 42. Kd2 Rxe3 43. Kxe3 a3 44. Kd4 a2 45. Kc5 a1Q 46. Kxb5 Qa8 47. Rxg6 Qe8+ 48. Kxb4 Qxg6 49. d4 Qxg2 50. Kc5 Qxh3 51. d5 Qd7 52. d6 Kc3 53. Kd5 Kb4 0-1

[Event "Hoogeveen Unive op 19th"]
[Site "Hoogeveen"]
[Date "2015.10.21"]
[Round "6"]
[White "Berghuis, Marten"]
[Black "Boer, Alef"]
[Result "0-1"]
[WhiteElo "1981"]
[BlackElo "2151"]
[PlyCount "66"]
[EventDate "2015.10.17"]
[EventType "swiss"]
[EventRounds "9"]
[EventCountry "NED"]
[SourceTitle "EXT 2017"]
[Source "ChessBase"]
[SourceDate "2016.10.25"]
[SourceVersion "1"]
[SourceVersionDate "2016.10.25"]
[SourceQuality "1"]

1. e4 Nf6 2. e5 Nd5 3. d4 d6 4. Nf3 dxe5 5. Nxe5 c6 6. Be2 Bf5 7. g4 Be6 8. f4 f6 9. Nd3 Bf7 10. Nc3 Nxc3 11. bxc3 Nd7 12. 0-0 e6 13. Qe1 Bd6 14. Bf3 0-0 15. c4 Re8 16. c5 Bc7 17. Qh4 Nxc5 18. dxc5 Qd4+ 19. Kg2 Qxa1 20. Bb2 Qxa2 21. g5 f5 22. Bh5 Rf8 23. Bxf7+ Rxf7 24. g6 hxg6 25. Rf3 Bd8 26. Qh3 Bf6 27. Ne5 Bxe5 28. Bxe5 Qxc2+ 29. Kg3 Rd8 30. Qh4 Rd2 31. Rf2 Rfd7 32. Rxd2 Rxd2 33. Bxg7 Rd3# 0-1

[Event "Hoogeveen Unive op 19th"]
[Site "Hoogeveen"]
[Date "2015.10.18"]
[Round "2"]
[White "Hortensius, Lisa"]
[Black "Berghuis, Marten"]
[Result "1-0"]
[WhiteElo "2154"]
[BlackElo "1981"]
[PlyCount "81"]
[EventDate "2015.10.17"]
[EventType "swiss"]
[EventRounds "9"]
[EventCountry "NED"]
[SourceTitle "EXT 2017"]
[Source "ChessBase"]
[SourceDate "2016.10.25"]
[SourceVersion "1"]
[SourceVersionDate "2016.10.25"]
[SourceQuality "1"]

1. e4 c5 2. Nf3 d6 3. d4 cxd4 4. Nxd4 Nf6 5. Nc3 a6 6. Be3 Ng4 7. Bg5 h6 8. Bh4 g5 9. Bg3 Bg7 10. h3 Ne5 11. f3 Nbc6 12. Bf2 Nxd4 13. Bxd4 Be6 14. Qd2 Qa5 15. h4 Rc8 16. Be2 b5 17. a3 Bc4 18. b3 Be6 19. b4 Qc7 20. a4 Nxf3+ 21. gxf3 Bxd4 22. Nxb5 axb5 23. Qxd4 Rg8 24. Bxb5+ Kf8 25. Rc1 d5 26. e5 gxh4 27. Rxh4 Rg5 28. f4 Rg4 29. Rxg4 Bxg4 30. Kd2 h5 31. Bd3 e6 32. a5 Qe7 33. Rh1 Bf3 34. Rh3 Bg4 35. Rh2 h4 36. c3 h3 37. Bf1 Qh4 38. Qf2 Qh6 39. Qg3 Bf5 40. Bxh3 Qg6 41. Qxg6 1-0